[Event "4NCL"]
[Site "?"]
[Date "2016.01.23"]
[Round "3.3"]
[White "Kett, Tim"]
[Black "Camus de Solliers, Guillaume"]
[Result "1/2-1/2"]
[WhiteElo "2192"]
[BlackElo "2360"]
[PlyCount "82"]
[EventDate "2016.??.??"]

1. Nf3 Nf6 2. g3 b6 3. Bg2 Bb7 4. O-O e6 5. c4 Be7 6. d4 O-O 7. Nc3 Ne4 8. Bf4
d6 9. Nxe4 Bxe4 10. Qd2 Nd7 11. Rad1 Qc8 12. Bh3 Qd8 13. Qc3 Bf6 14. Nd2 Bb7
15. Qd3 Bxd4 16. Qxd4 e5 17. Bxe5 Nxe5 18. f4 Nd7 19. e4 Qf6 20. e5 dxe5 21.
Qxd7 Bc8 22. Ne4 Qh6 23. Qxc7 Bxh3 24. Rf2 Rac8 25. Qd6 Rxc4 26. Qxh6 gxh6 27.
Nf6+ Kg7 28. fxe5 Rfc8 29. Nh5+ Kf8 30. Nf4 Rc1 31. Rfd2 Rxd1+ 32. Rxd1 Bg4 33.
Rd2 Rc5 34. h3 Bf5 35. g4 Be4 36. e6 Rc1+ 37. Kf2 fxe6 38. Rd7 e5 39. Ne6+ Ke8
40. Rxa7 Rc2+ 41. Ke3 Bg2 1/2-1/2

[Event "4NCL"]
[Site "?"]
[Date "2016.01.24"]
[Round "4.3"]
[White "Rendle, Tom"]
[Black "Kett, Tim"]
[Result "0-1"]
[WhiteElo "2370"]
[BlackElo "2192"]
[PlyCount "110"]
[EventDate "2016.??.??"]

1. e4 e5 2. Nf3 Nc6 3. Bc4 Nf6 4. d3 h6 5. O-O g6 6. d4 Qe7 7. Nc3 d6 8. Nd5
Qd8 9. dxe5 dxe5 10. b4 Bg7 11. Bb2 O-O 12. b5 Na5 13. Nxf6+ Bxf6 14. Bd3 Bg4
15. h3 Bxf3 16. Qxf3 Kg7 17. a4 Re8 18. Qe2 Qe7 19. Qd2 b6 20. Qc3 Rac8 21. Ba3
Qd7 22. Bb4 Nb7 23. Rfd1 Be7 24. Bc4 Bxb4 25. Qxb4 Qe7 26. Qb2 Nc5 27. Bd5 Rcd8
28. Bc6 Rf8 29. f4 f6 30. f5 Rd6 31. fxg6 Rfd8 32. Rf1 Rd4 33. Rae1 Nxa4 34.
Qb3 Nc5 35. Qg3 Ne6 36. Ra1 Rd2 37. Kh1 Rxc2 38. Rf2 Qc5 39. Raf1 Rxf2 40. Qxf2
Qxf2 41. Rxf2 Nd4 42. Bd5 Nxb5 43. h4 Nc3 44. Bb7 b5 45. h5 a5 46. Bd5 Nxd5 47.
exd5 Rxd5 48. Rc2 c5 49. Kg1 b4 50. Kf2 a4 51. Ke3 a3 52. Ke4 b3 53. Rc3 Rd4+
54. Kf5 c4 55. Ke6 a2 0-1

[Event "32nd Cappelle Open 2016"]
[Site "Cappelle la Grande FRA"]
[Date "2016.02.13"]
[Round "1.76"]
[White "Strugnell, Carl"]
[Black "Naumkin, I."]
[Result "1-0"]
[WhiteElo "2215"]
[BlackElo "2413"]
[PlyCount "87"]
[EventDate "2016.02.13"]
[EventType "swiss"]

1. e4 e6 2. d4 d5 3. Nc3 Nf6 4. e5 Nfd7 5. f4 c5 6. Nf3 Nc6 7. Be3 a6 8. Qd2 b5
9. a3 Bb7 10. Bd3 cxd4 11. Nxd4 Nxd4 12. Bxd4 Bc5 13. Ne2 O-O 14. Qe3 Rc8 15.
Qh3 h6 16. c3 Qe7 17. g4 f6 18. exf6 Nxf6 19. g5 Ne4 20. gxh6 Bxd4 21. Nxd4
Rxf4 22. Rg1 Nf2 23. Qxe6+ Qxe6+ 24. Nxe6 Nxd3+ 25. Kd2 Rf3 26. Rxg7+ Kh8 27.
Ng5 Ne5 28. Nxf3 Nxf3+ 29. Ke2 Bc6 30. Kxf3 d4+ 31. Ke2 dxc3 32. bxc3 Re8+ 33.
Kd2 Re6 34. Rag1 Rd6+ 35. Ke3 Re6+ 36. Kd4 Re4+ 37. Kc5 Rc4+ 38. Kb6 Bd5 39.
R1g6 Rh4 40. Rd7 Bc4 41. Rc6 Rxh2 42. Rc8+ Bg8 43. h7 Rxh7 44. Rxg8+ 1-0

[Event "4NCL 3 South pool A"]
[Site "Telford, ENG ENG"]
[Date "2016.02.14"]
[Round "6.55"]
[White "Sygnowski, Tomasz"]
[Black "Brown, Thomas"]
[Result "0-1"]
[WhiteElo "2275"]
[BlackElo "2092"]
[PlyCount "58"]
[EventDate "2016.01.17"]
[WhiteTeam "Midland Monarchs 1"]
[BlackTeam "Rhyfelwyr Essyllwg"]

1. e4 c5 2. Nf3 Nc6 3. d4 cxd4 4. Nxd4 g6 5. Nc3 Bg7 6. Be3 Nf6 7. f3 O-O 8.
Bc4 d6 9. Bb3 Bd7 10. Qd2 Qa5 11. O-O Rfc8 12. Nxc6 Rxc6 13. Bh6 Be6 14. Rfd1
Bxh6 15. Qxh6 Qc5+ 16. Kh1 b5 17. Bxe6 fxe6 18. Qh3 Kf7 19. e5 Qxe5 20. Re1 Qf5
21. g4 Qg5 22. Ne4 Nxe4 23. Qxh7+ Ke8 24. Rxe4 Kd7 25. Rae1 Qf6 26. Qh3 Rxc2
27. Rxe6 Rh8 28. Rxe7+ Kc6 29. g5 Qxe7 0-1

[Event "4NCL Division 1b"]
[Site "Birmingham, ENG ENG"]
[Date "2016.02.14"]
[Round "6.174"]
[White "Bates, Richard A"]
[Black "Kett, Tim"]
[Result "1/2-1/2"]
[WhiteElo "2332"]
[BlackElo "2179"]
[PlyCount "65"]
[EventDate "2016.02.14"]
[WhiteTeam "Blackthorne Russia"]
[BlackTeam "South Wales Dragons"]

1. d4 Nf6 2. c4 e5 3. dxe5 Ne4 4. Nf3 Nc6 5. Nbd2 Bb4 6. a3 Bxd2+ 7. Bxd2 Qe7
8. Bf4 g5 9. Bc1 g4 10. Qd5 gxf3 11. Qxe4 b6 12. e6 fxe6 13. Qxf3 Rf8 14. Qc3
Bb7 15. Be3 O-O-O 16. c5 d5 17. cxd6 Qxd6 18. Bg5 Rd7 19. e3 Qd5 20. Bh4 Na5
21. Rg1 Nb3 22. Bc4 Qe4 23. Qxb3 Qxh4 24. Rf1 Bxg2 25. Bxe6 Bxf1 26. Bxd7+ Kb8
27. O-O-O Qxf2 28. Kb1 Bg2 29. Ka1 Be4 30. Qb4 Bb7 31. h3 Qf6 32. Bg4 a5 33.
Qd4 1/2-1/2

[Event "32nd Cappelle Open 2016"]
[Site "Cappelle la Grande FRA"]
[Date "2016.02.14"]
[Round "2.31"]
[White "Arizmendi Martinez, J."]
[Black "Strugnell, Carl"]
[Result "1/2-1/2"]
[WhiteElo "2507"]
[BlackElo "2215"]
[PlyCount "41"]
[EventDate "2016.02.13"]
[EventType "swiss"]

1. e4 c5 2. Nf3 d6 3. d4 cxd4 4. Nxd4 Nf6 5. Nc3 Nc6 6. Bg5 e6 7. Qd2 a6 8.
O-O-O Be7 9. f3 Nxd4 10. Qxd4 b5 11. h4 Bb7 12. Kb1 Qc7 13. Qd2 Rc8 14. Bd3 h6
15. Be3 b4 16. Ne2 d5 17. e5 Ne4 18. fxe4 dxe4 19. Bb6 Qxb6 20. Bxe4 Rd8 21.
Qf4 1/2-1/2

[Event "Reykjavik Open 2016"]
[Site "Reykjavik ISL"]
[Date "2016.03.15"]
[Round "9.38"]
[White "Skousen, N."]
[Black "Jameson, David"]
[Result "1/2-1/2"]
[WhiteElo "2294"]
[BlackElo "2103"]
[PlyCount "55"]
[EventDate "2016.03.08"]

1. Nf3 Nf6 2. g3 d5 3. Bg2 c5 4. O-O Nc6 5. d4 Bf5 6. c4 dxc4 7. Qa4 Qa5 8.
Qxc4 e6 9. Nc3 Rc8 10. Bg5 Qb4 11. Qxb4 cxb4 12. Nd1 Be7 13. Ne3 Be4 14. Rfd1
O-O 15. Rac1 Rfd8 16. Kf1 h6 17. Bxf6 Bxf6 18. Ng4 Be7 19. Nge5 Nxe5 20. Nxe5
Bxg2+ 21. Kxg2 Rxc1 22. Rxc1 Rxd4 23. Rc7 Bd6 24. Rc8+ Bf8 25. Rc7 Bd6 26. Rc8+
Bf8 27. Rc7 Bd6 28. Rc8+ 1/2-1/2

[Event "ESTT O65  Wales - Israel"]
[Site "?"]
[Date "2016.04.19"]
[Round "1.2"]
[White "Maryasin, Boris"]
[Black "Thornton, John D"]
[Result "1/2-1/2"]
[WhiteElo "2323"]
[BlackElo "2028"]
[PlyCount "50"]
[EventDate "2016.04.19"]

1. e4 e6 2. d4 d5 3. e5 c5 4. c3 Nc6 5. Nf3 Bd7 6. a3 f6 7. Bd3 Qc7 8. O-O
O-O-O 9. Re1 fxe5 10. dxe5 c4 11. Bf1 Bc5 12. Bg5 Rf8 13. Nbd2 h6 14. Bh4 g5
15. Bg3 Nge7 16. b4 cxb3 17. Nxb3 Bb6 18. Nfd4 Nf5 19. Nxf5 Rxf5 20. Bd3 Rff8
21. Qg4 Qd8 22. Bg6 Qe7 23. Bh5 Be8 24. Bxe8 Qxe8 25. Nd4 Bxd4 1/2-1/2

[Event "ESTCC S65"]
[Site "Halkidiki"]
[Date "2016.04.22"]
[Round "4.12"]
[White "Mishuchkov, Nikolai M"]
[Black "Miles, Richard"]
[Result "1/2-1/2"]
[WhiteElo "2304"]
[BlackElo "1971"]
[PlyCount "65"]
[EventDate "2016.??.??"]

1. d4 d5 2. Nf3 Nf6 3. c4 c6 4. Qb3 dxc4 5. Qxc4 Bf5 6. e3 e6 7. Bd3 Bxd3 8.
Qxd3 c5 9. Qb3 Qb6 10. Qa4+ Qc6 11. Nc3 Qxa4 12. Nxa4 Nbd7 13. b3 cxd4 14. Nxd4
Bb4+ 15. Bd2 Bxd2+ 16. Kxd2 Ke7 17. f3 Rac8 18. Rac1 Rhd8 19. e4 Ne8 20. Ke3
Nd6 21. g3 Rxc1 22. Rxc1 Rc8 23. Rxc8 Nxc8 24. f4 f6 25. Nc3 g6 26. Nf3 Kd6 27.
e5+ fxe5 28. Ne4+ Kd5 29. fxe5 Nxe5 30. Nf6+ Kd6 31. Ne4+ Kd5 32. Nf6+ Kd6 33.
Ne4+ 1/2-1/2

[Event "13th South Wales Int 2016"]
[Site "Cardiff WLS"]
[Date "2016.07.07"]
[Round "2.1"]
[White "Chatalbashev, B."]
[Black "Kett, Tim"]
[Result "1/2-1/2"]
[WhiteElo "2545"]
[BlackElo "2209"]
[PlyCount "88"]
[EventDate "2016.07.07"]

1. c4 e5 2. g3 Nf6 3. Bg2 c6 4. Nf3 e4 5. Nd4 d5 6. cxd5 Qxd5 7. Nb3 Qh5 8. h3
a5 9. d4 a4 10. g4 Qh4 11. Nc5 Bxc5 12. dxc5 O-O 13. Nc3 Nbd7 14. Nxa4 Re8 15.
Be3 Nd5 16. O-O h5 17. Nc3 Nxc3 18. bxc3 hxg4 19. hxg4 Nf6 20. Qd6 Bxg4 21.
Rfb1 Rad8 22. Qg3 Qxg3 23. fxg3 Bxe2 24. Rxb7 Rd3 25. Bd4 Ng4 26. Rb2 Bd1 27.
Bf1 Rxg3+ 28. Rg2 Rxg2+ 29. Kxg2 Ba4 30. Kg3 Nh6 31. Kf4 f6 32. Bc4+ Kh7 33.
Rb1 g5+ 34. Kg3 Nf5+ 35. Kg4 Kg6 36. Bf7+ Kxf7 37. Kxf5 e3 38. Rb7+ Kg8 39.
Kxf6 e2 40. Rg7+ Kf8 41. Rf7+ Kg8 42. Rg7+ Kf8 43. Rh7 Kg8 44. Rg7+ Kf8 1/2-1/2

[Event "13th South Wales Int 2016"]
[Site "Cardiff WLS"]
[Date "2016.07.08"]
[Round "3.7"]
[White "Rodriguez, Juan Talavera"]
[Black "Lauridsen, JM."]
[Result "1/2-1/2"]
[WhiteElo "2020"]
[BlackElo "2259"]
[PlyCount "86"]
[EventDate "2016.07.07"]

1. e4 c5 2. Nf3 g6 3. d4 cxd4 4. Nxd4 Bg7 5. Nc3 Nc6 6. Be3 Nf6 7. Nb3 O-O 8.
Be2 d6 9. O-O Be6 10. f4 Rc8 11. Bf3 Na5 12. Nxa5 Qxa5 13. Nd5 Bxd5 14. exd5
Nd7 15. c3 Nb6 16. Rf2 Nc4 17. Bd4 Bxd4 18. Qxd4 Qc5 19. Rd1 Qxd4 20. Rxd4 Rc7
21. Re4 Rb8 22. Bd1 b5 23. Bb3 Na5 24. Rfe2 Nxb3 25. axb3 Kf8 26. f5 g5 27. Kf2
a5 28. Ke3 Kg7 29. g4 Kf6 30. Kd4 h5 31. h4 gxh4 32. gxh5 Rh8 33. Rxh4 a4 34.
c4 axb3 35. cxb5 Rb8 36. h6 Rxb5 37. Rh3 Rb4+ 38. Kd3 Rb8 39. h7 Rh8 40. Rg2
Rcc8 41. Ke4 Rc4+ 42. Kd3 Rcc8 43. Ke4 Rc4+ 1/2-1/2

[Event "13th South Wales Int 2016"]
[Site "Cardiff WLS"]
[Date "2016.07.08"]
[Round "3.6"]
[White "Brown, Th"]
[Black "L'Ami, Alina"]
[Result "1-0"]
[WhiteElo "2107"]
[BlackElo "2339"]
[PlyCount "73"]
[EventDate "2016.07.07"]

1. d4 Nf6 2. c4 g6 3. Nc3 Bg7 4. e4 d6 5. Nf3 O-O 6. Be2 e5 7. d5 a5 8. Be3 Na6
9. Nd2 Nc5 10. O-O Bd7 11. b3 h5 12. a3 Ng4 13. Bxg4 hxg4 14. f3 Qh4 15. Qe2 g3
16. hxg3 Qxg3 17. Nb5 Rac8 18. Na7 Ra8 19. Nb5 Na6 20. Qf2 Qxf2+ 21. Kxf2 f5
22. Ke2 Kf7 23. Rab1 Rh8 24. f4 exf4 25. Rxf4 Bh6 26. Rf2 Bxe3 27. Kxe3 Kg7 28.
Rbf1 Rae8 29. Kd4 Rh4 30. Kc3 Re7 31. exf5 Bxf5 32. Nf3 Rf4 33. Nfd4 Rxf2 34.
Rxf2 Nc5 35. Rxf5 Re3+ 36. Kc2 Ne4 37. Rf3 1-0

[Event "13th South Wales Int 2016"]
[Site "Cardiff WLS"]
[Date "2016.07.09"]
[Round "4.2"]
[White "Ralphs, Nigel"]
[Black "Gretarsson, Hj"]
[Result "1/2-1/2"]
[WhiteElo "2000"]
[BlackElo "2550"]
[PlyCount "91"]
[EventDate "2016.07.07"]

1. e4 c5 2. Nf3 e6 3. d4 cxd4 4. Nxd4 Nc6 5. Nc3 Qc7 6. Be2 a6 7. O-O Nf6 8.
Be3 Bb4 9. Na4 Be7 10. Nxc6 bxc6 11. Nb6 Rb8 12. Nxc8 Qxc8 13. Bd4 c5 14. Be5
Rb6 15. Qd3 O-O 16. b3 d6 17. Bc3 Nd7 18. Qg3 Bf6 19. Bxf6 Nxf6 20. e5 Nd5 21.
Rfd1 Rd8 22. Bf3 Ne7 23. Be4 Qc7 24. exd6 Rbxd6 25. Rd3 Rxd3 26. Bxd3 Qxg3 27.
hxg3 a5 28. Re1 Nc6 29. Re4 Rd4 30. f4 Kf8 31. Kf2 Ke7 32. Ke3 f5 33. Rxd4 Nxd4
34. c3 Nc6 35. Bb5 Na7 36. Bc4 Kd6 37. a3 Nc6 38. Bb5 Ne7 39. Bc4 Nd5+ 40. Bxd5
exd5 41. Kd3 Kc6 42. a4 h6 43. Ke3 g5 44. Kd3 Kd6 45. Ke3 Ke6 46. Kd3 1/2-1/2

[Event "13th South Wales Int 2016"]
[Site "Cardiff WLS"]
[Date "2016.07.09"]
[Round "4.4"]
[White "Arkell, K."]
[Black "Kett, Tim"]
[Result "1/2-1/2"]
[WhiteElo "2455"]
[BlackElo "2209"]
[PlyCount "94"]
[EventDate "2016.07.07"]

1. d4 d6 2. c4 f5 3. Nf3 Nf6 4. g3 g6 5. Bg2 Bg7 6. Nc3 O-O 7. O-O c6 8. Re1
Ne4 9. Qd3 Nxc3 10. Qxc3 c5 11. Qd3 cxd4 12. Nxd4 a6 13. e4 Nc6 14. Nxc6 bxc6
15. c5 fxe4 16. Qxe4 d5 17. Qxe7 Bf5 18. Bg5 Qb8 19. b3 Bxa1 20. Rxa1 Ra7 21.
Qe3 Re8 22. Bf4 Qc8 23. Be5 Qe6 24. Re1 Rae7 25. f4 g5 26. Kf2 Bh3 27. Qe2 Bxg2
28. Kxg2 gxf4 29. gxf4 Rg7+ 30. Kh1 Qh3 31. Qf2 Rg6 32. Re3 Qf5 33. h3 Kf7 34.
Qh4 h6 35. Re1 d4 36. Re2 d3 37. Rf2 Reg8 38. Kh2 h5 39. Bd6 Re8 40. Be5 Ke6
41. Rd2 Kd7 42. Qf2 Rxe5 43. fxe5 Qxe5+ 44. Kh1 Qe4+ 45. Kh2 Qe5+ 46. Kh1 Qa1+
47. Kh2 Qe5+ 1/2-1/2

[Event "South Wales Summer Open"]
[Site "Penarth"]
[Date "2016.08.29"]
[Round "4.1"]
[White "Bullen, Alex"]
[Black "Toczek, Grzegorz"]
[Result "1/2-1/2"]
[WhiteElo "2015"]
[BlackElo "2254"]
[PlyCount "85"]
[EventDate "2016.08.28"]
[EventType "swiss"]
[EventRounds "5"]
[EventCountry "WLS"]

1. e4 c6 2. d4 d5 3. Nc3 dxe4 4. Nxe4 Bf5 5. Ng3 Bg6 6. h4 h6 7. Nf3 Nd7 8. h5
Bh7 9. Bd3 Bxd3 10. Qxd3 Ngf6 11. Bd2 Qc7 12. O-O-O O-O-O 13. Qe2 e6 14. Ne5
Nxe5 15. dxe5 Nd5 16. Rh4 Rd7 17. Ra4 Kb8 18. c4 Nb6 19. Ra5 Rxd2 20. Rxd2 Bb4
21. Ra3 Bxd2+ 22. Kxd2 Qe7 23. Rc3 Na4 24. Rc2 Rd8+ 25. Kc1 Qc5 26. Nf1 Rd4 27.
Nd2 Rh4 28. Kb1 Qb4 29. Nb3 Nb6 30. g4 a5 31. c5 a4 32. Nc1 Nd5 33. Rc4 Qb5 34.
Qe4 Rh2 35. Nd3 a3 36. b3 Qa5 37. Kc2 Qd8 38. Ra4 Qg5 39. Qf3 Ne3+ 40. Kc3 Nd5+
41. Kc2 Ne3+ 42. Kc3 Nd5+ 43. Kc2 1/2-1/2